00546 2200205 4500001002100000005001700021008004100038035002400079082001000103090002100113100002600134245004400160260004300204300002400247650002000271850001500291980001300306985000600319999001500325YOGYA-0209000003462720090227024916.0 ind  0010-020900000034627 a693.5 a693.5bRek BlQT aREKSOSUDIRJO, Sumitro aBaton bertulangcSoemitro Reksosudirdjo aYogyakartabUsaha Teknik Sumitroc1966 a68 hlmbilusc30 cm aBeton bertulang aYOPDYOG(B) a16-10-06 a1 aP000000770